Quizzes
Events
Quiz Creation
Community
Videos
Private Events
Remove Ads
Sign In
Join for FREE
Feedback
Dark Mode
Quiz Categories
Sports
Geography
Music
Movies
Television
Just For Fun
Miscellaneous
History
Literature
Language
Science
Gaming
Entertainment
Religion
Holiday
For Kids
Quiz Lab
Recent
Popular Today
Quiz Kudos Today
Editor Picks
Curator Picks
Quizzes by...
Day
Popularity
Type
Ratings
Length
Year
Community
Subscriptions
Recent Discussions
Orange Saloon
Badges
Playlists
Quests
Create
Leaderboards
Showdown
Live 5
Trivia Bingo
Activity
Puzzle Library
Sporcle Events
Private Events
Virtual Trivia
Globe League
Become a Host
Pub Owners
SporcleCon
Opinionation
Our Games
Videos
Blog
Mobile Apps
Partnerships
Remove Ads and Go Orange
Feedback
Music
Pop Music
The Beatles
Song
Album
Lyrics
Bands
Singers
Artist
Clip
Rock
Rap
Classical
Billboard
Country Music
Kpop
Taylor Swift
Music
Pop Music
The Beatles
Song
Album
Lyrics
Bands
Singers
Artist
Clip
Rock
Rap
Classical
Billboard
Country Music
Kpop
Taylor Swift
Random Quiz
Search Sporcle
×
Quiz Lab
Quiz Lab
Music
Lyrics
Type in answers that appear in a list
Type in answers that appear in a list
Classic
Best Score? Go Orange.
Taylor Swift Lyrics Stats
Can you name the Taylor Swift Lyrics?
By
MiniMac723
10m
45 Questions
2,257 Plays
2,257 Plays
2,257 Plays
Comments
Comments
Give Quiz Kudos
Give Quiz Kudos
-
- Ratings
hide this ad
Forced Order
Answers have to be entered in order
Answers have to be entered in order
Replay
Link that replays current quiz
Next Quiz
Link to next quiz in quiz playlist
You Got
0%
They Got
Avg Score
26%
Avg Friend Score
Upgrade to see
Score Distribution
Jump to the score distribution portion of the page
Score
0/45
Timer
10:00
0
Plays Today
Lyrics
% Correct
He says he's so in love
he's finally got it right
61.4%
I almost didn't notice all the
roses and a note that
52.2%
There's no time for tears
im just sitting here planning
51.5%
I haven't seen it in a while
since she brought you down
51.2%
All those other girls well their beautiful
but would they write a
50.7%
Just a boy in a Chevy truck that had a
tendency of getting stuck on
43.2%
Horrified looks from everyone in
the room but Im only
39.3%
And there you are on your knees
begging for forgiveness begging for
39.2%
Made you run and hide
like a scared little boy
38.8%
Please don't be in
love with someone else please
36.9%
You could write a book on
how to ruin someones perfect
35.9%
She thinks I'm psycho cause
I like to rhyme her
35.8%
I miss your tan skin your
sweet smile so good to
34.8%
I was sixteen when suddenly
I wasn't that little girl
34.2%
Its a first kiss its
flawless really something its fearless
33.5%
They might be bigger but
were faster and never scared
29.7%
This is looking like a contest
of who can act like
29.3%
Could have loved you all my life
if you hadnt left me
28.9%
I'm shining like fireworks
over your sad empty town
28.4%
And Never makes me wait
and he calls exactly when
27.3%
You and I walk a
fragile line I have known
27%
I hug your legs and fall
asleep on the way home
25.5%
You put up walls
and paint them all a
23.8%
Lyrics
% Correct
When all you wanted was
to be wanted wish you
23.8%
And sometimes we don't say a thing
just listen to the crickets
22.5%
But do you honestly expect
me to believe we could
22.2%
You held your head like a
hero on a history book
21.1%
Take pictures in your mind
of your childhood room memorize
20.6%
So close your eyes
escape this town for a
19.3%
Cause its tragedy and
itll only bring you down
18.9%
Lead me up the staircase won't
you whisper soft and slow
17.9%
Your face and the beautiful eyes and the
conversation with the little white
17.6%
I guess its true that love is all you wanted
cause youre giving it away
17.3%
Who you are is not what you
did youre still an innocent
17%
Switching sides and your wildfire
lies and your humiliation you
15.4%
I just wanna look in your
eyes and make you realize
13.5%
You've got the keys to me
I love each freckle on
13%
When my world wakes up today
youll be in another town
12.5%
It's half full and
I wont wait here all
11.2%
Its hard to make a conversation cause
youre taking my breath away
8.7%
It's not unbroken any more
how do i get it
7.7%
Feeling lucky today
got the sunshine could you
7%
You saw me there but never knew
I would give it all
6.9%
The smell of the rain
fresh on the pavement at
1.5%
I know all the steps
back to your door but
1.1%
Quiz Playlist
Details
Report
Send in Message
Add To Playlist
Classic:
Type in answers that appear in a list
Forced Order:
Answers have to be entered in order
Last Updated: Feb 16, 2017
Quiz Scoreboard
CHALLENGE
Sign Up to Join the Scoreboard
Show All
Scores
Hide
Comments
May contain spoilers
Recently Published
TV Characters by Other Roles V
by ghcgh
Television
5m
Decade Duel: World Leaders
by jenniferyan
History
4m
Alphabetical 'K' Countries by Flag Minefield
by ylime102
Geography
3m
More to Explore
Quiz From the Vault
Featured Blog Post
15 Basketball Trivia Facts You Can Be March Mad About
hide this ad
You Might Also Like...
Tags
Album Quiz
Lyrics Quiz
Song Quiz
Taylor Swift Quiz
Today's Top Quizzes in Music
Browse Music
hide this ad
Today's Top Quizzes in Lyrics
Browse Lyrics
Top Contributed Quizzes in Music
1
Taylor Swift All Songs (2024)
2
Decade Duel: Singer
3
Taylor Swift Logic Puzzle
4
KPOP LOGIC QUIZ
5
Guess The Taylor Swift Lyrics Song #1
6
Guess the Taylor Swift song (Mystery Song)
7
A Taylor Swift Logic Puzzle
8
2 word kpop group match
9
Madness Songs By Image
10
kpop group name match up
Explore More
Trending Topics
NBA
Crossword
Kpop
Marvel
Disney
Anime
Harry Potter
The Office
Soccer
Song
WWE
NFL
Puzzle
Pokémon
Country
hide this ad
More By:
MiniMac723
Quiz
Plays
Rating
Category
Featured
Created
Figure Out the Lyrics (Taylor Swift)
830,257
4.11
Music
Jun 5, 2010
Taylor Swift: The Story of Us Lyrics
11,100
3.11
Music
Nov 13, 2010
Taylor Swift: Picture to Burn Lyrics
10,341
3.71
Music
Nov 16, 2010
Taylor Swift: Forever and Always Lyrics
9,266
2.56
Music
May 23, 2010
Taylor Swift: Sparks Fly Lyrics
7,572
3.40
Music
Nov 20, 2010
Go to Creator's Profile
Score Distribution
Quiz Creator Spotlight
MiniMac723
Follow
Send a Message
Quizzes Created
-
Created Quiz Play Count
-
More By This Creator
Popular Quizzes Today
1
Countries of Asia Without Outlines Minefield
2
Find the US States - No Outlines Minefield
3
Pick 6: Fruits
4
The Countries of the World
5
Find the Countries of Europe - No Outlines Minefield
6
Alphabetical 'K' Countries by Flag Minefield
7
Find the US States
8
US States
More Music Quizzes
Acrostic ABBA
Curator's Pick
Trending Quizzes
Pick 6: Mountains
Pick 6: Harry Potter
Pick 6: NFL Teams
Pick 6: Flags
C Names for Actors
Recently Updated
Adaptations: Name the Title
pecheneg
NWSL Teams
pecheneg
Women's Final Four Teams by Year
bhenderson79
Presidents Quartet II
eogle
Anything But Clue(do)
eogle
Anything But Oceanian Capitals
eogle
Anything But 7
eogle
Anything But Thing
eogle
Word Ladder: February 29
pecheneg
Song Title Questions
pecheneg
Trending Topics
Kpop
Crossword
Disney
Marvel
Harry Potter
Anime
NBA
Country
WWE
NFL
Puzzle
Song
Pokémon
Soccer
The Office
Your Account Isn't Verified!
In order to create a playlist on Sporcle, you need to verify the email address you used during registration. Go to your
Sporcle Settings
to finish the process.
Report this User
Report this user for behavior that violates our
Community Guidelines
.
Details:
Send Report
Go to the Sporcle.com Mobile Site →
Comments